Racionálna preskripcia vitamínov v neurologickej praxi

Bibliographic Details
Main Author: Kuchar, M. (Author)
Format: Article
Language:Slovak
PhysicalDescription:Res. rus., nem., angl., lit. 35 zázn. v češ., angl., nem.
Subjects:

MARC

LEADER 00000nab a2200000 a 4500
001 vtls000224705
003 SK-MaSNL
005 20260304061201.0
008 250422c1985 xo 0 slo
015 |a SNBRB19rr/mm-uuuuu 
035 |a CL0234819 
035 |a urn:nbn:sk:snk-ab6kyy 
035 |a (uuid)a8fc570c-2362-4d17-9634-ae386a81254d 
035 |a (urnnbn)urn:nbn:sk:snk:ar-005fts 
035 |a (sysno)vtls000224705 
040 |a SNKBUCL  |b slo  |c SNKBUCL  |e AACR2 
041 0 |a slo 
044 |a xo  |c SK 
080 |a 616.8-035  |2 1981 
080 |a 615  |2 1981 
080 |a 577.16  |2 1981 
100 1 |a Kuchar, M.  |4 aut  |9 11726 
245 1 0 |a Racionálna preskripcia vitamínov v neurologickej praxi  |c M. Kuchar 
300 |b Res. rus., nem., angl., lit. 35 zázn. v češ., angl., nem. 
650 0 7 |a choroby nervové  |2 snkbucl  |9 1006719 
650 0 7 |a vitamínoterapia  |2 snkbucl  |9 1345362 
655 7 |a články z novín a časopisov  |2 snkbucl  |9 267496 
773 0 |t Lekársky obzor  |g Roč. 34, č. 7 (1985), s. 419-426 
850 |a Slovenská národná knižnica 
852 |a Slovenská národná knižnica 
954 |a odborná, vedecká literatúra pôvodná (slovenská)  |2 lita 
958 |a article2022 
958 |a OND 
958 |a NB 
958 |a RK 
958 |a EUIPO 
992 |a RBX 
999 |c 2731783  |d 2733713